[Event "TCh-FRA Top 16 GpA 2022"]
[Site "Chartres FRA"]
[Date "2022.06.12"]
[Round "4.2"]
[Board "2"]
[White "Grandelius, Nils"]
[Black "Relange, Eloi"]
[Result "1-0"]
[WhiteTitle "GM"]
[BlackTitle "GM"]
[WhiteElo "2645"]
[BlackElo "2456"]
[WhiteTeam "L'Echiquier Chalonnais"]
[BlackTeam "Club 608 d'Echecs Paris"]
[WhiteFideId "1710400"]
[BlackFideId "600822"]
[EventDate "2022.06.09"]

1. e4 d6 2. d4 Nf6 3. Nc3 e5 4. Nf3 Nbd7 5. Rg1 g6 6. Be3 Bg7 7. dxe5 dxe5 8. g4
O-O 9. Qd2 c6 10. O-O-O Qe7 11. g5 Nh5 12. Qd6 Qxd6 13. Rxd6 Nf4 14. h4 Re8 15.
Rd1 Nb6 16. Nd2 Bf8 17. Nb3 Ne6 18. a3 Nd7 19. Na5 Nd4 20. Ne2 c5 21. Nc3 b6 22.
Nb3 Bb7 23. Nd2 a6 24. Nd5 Bxd5 25. exd5 e4 26. Re1 f5 27. gxf6 Nxf6 28. Bg5 Bg7
29. Bg2 Nf5 30. Nxe4 Nxe4 31. Bxe4 Nd6 32. Bg2 Bd4 33. Re6 Bxf2 34. Rf1 Bg3 35.
h5 Rxe6 36. dxe6 Rf8 37. Rd1 Rf5 38. Be7 Nc4 39. Rd7 Re5 40. Kb1 Ne3 41. Bh3 Nf5
42. Bg5 Rxe6 43. h6 Re1+ 44. Ka2 Bh4 45. Bxh4 Nxh4 46. Rg7+ Kf8 47. Rxh7 Nf5 48.
Rb7 Nxh6 49. Rxb6 Kg7 50. Rxa6 g5 51. Ra4 Kf6 52. Rc4 Re5 53. b4 cxb4 54. axb4
Ke7 55. Rc7+ Kd6 56. Rd7+ Kc6 57. Rh7 Ng8 58. Bg2+ Kb6 59. Rb7+ Ka6 60. Kb3 Ne7
61. Ka4 Nd5 62. Bxd5 Rxd5 63. Rg7 1-0

[Event "TCh-FRA Top 16 GpA 2022"]
[Site "Chartres FRA"]
[Date "2022.06.12"]
[Round "4.2"]
[Board "3"]
[White "Iglesias, Yosha"]
[Black "Edouard, Romain"]
[Result "0-1"]
[WhiteTitle "FM"]
[BlackTitle "GM"]
[WhiteElo "2202"]
[BlackElo "2575"]
[WhiteTeam "Club 608 d'Echecs Paris"]
[BlackTeam "L'Echiquier Chalonnais"]
[WhiteFideId "637823"]
[BlackFideId "633429"]
[EventDate "2022.06.09"]

1. Nf3 c5 2. g3 Nc6 3. Bg2 e5 4. c4 g6 5. Nc3 Bg7 6. a3 Nge7 7. d3 d6 8. O-O O-O
9. Bg5 f6 10. Be3 Be6 11. Ne1 Qd7 12. Nc2 Bh3 13. b4 Bxg2 14. Kxg2 b6 15. f3 h5
16. Bf2 f5 17. Ne3 e4 18. Rc1 f4 19. Ned5 e3 20. b5 Nxd5 21. Nxd5 Ne7 22. Nxe7+
Qxe7 23. Be1 a6 24. gxf4 axb5 25. Qb3 bxc4 26. Rxc4 d5 27. Re4 c4 28. Rxe7 cxb3
29. Bb4 Rfc8 30. Rb1 Rc2 31. Rxb3 Rxe2+ 32. Kg3 Rc8 33. f5 gxf5 34. Bd6 Rc6 35.
Be5 Bf8 36. Rd7 Rf2 37. d4 Bh6 38. f4 Rg6+ 39. Kh3 Rf3+ 40. Kh4 Rg4+ 0-1

[Event "TCh-FRA Top 16 GpA 2022"]
[Site "Chartres FRA"]
[Date "2022.06.12"]
[Round "4.2"]
[Board "4"]
[White "David, Alberto"]
[Black "Solakian-Van Eyll, Jerome"]
[Result "1-0"]
[WhiteTitle "GM"]
[BlackTitle "FM"]
[WhiteElo "2520"]
[BlackElo "2248"]
[WhiteTeam "L'Echiquier Chalonnais"]
[BlackTeam "Club 608 d'Echecs Paris"]
[WhiteFideId "4000013"]
[BlackFideId "608050"]
[EventDate "2022.06.09"]

1. Nf3 d5 2. g3 Nd7 3. c4 dxc4 4. Qa4 a6 5. Qxc4 b5 6. Qc2 c5 7. Bg2 Bb7 8. O-O
Ngf6 9. b3 g6 10. Bb2 Bg7 11. d3 O-O 12. Nbd2 Qb6 13. Rac1 Rfd8 14. a3 Rac8 15.
Qb1 Nf8 16. Bh3 Ne6 17. b4 cxb4 18. axb4 Bh6 19. Rxc8 Rxc8 20. e4 Rd8 21. Nb3
Bc8 22. d4 Ng5 23. Nxg5 Bxg5 24. Bg2 Ne8 25. d5 Nd6 26. Bd4 Qc7 27. f4 Bh6 28.
Rc1 Nc4 29. Na5 e6 30. Nxc4 bxc4 31. Qa2 exd5 32. exd5 Bg7 33. Bxg7 Kxg7 34.
Qxc4 Qb6+ 35. Qc5 Qf6 36. Qe3 Bb7 37. Qe5 Rd7 38. Rc5 h6 39. h4 g5 40. hxg5 hxg5
41. Kf2 gxf4 42. gxf4 Rd6 43. Rc3 Kf8 44. Qxf6 Rxf6 45. d6 Rxf4+ 46. Kg3 Rxb4
47. d7 Ke7 48. Bh3 Rd4 49. Re3+ Re4 50. Rd3 Kd8 51. Rc3 Ke7 52. Rc8 Re3+ 53. Kf2 1-0

[Event "TCh-FRA Top 16 GpA 2022"]
[Site "Chartres FRA"]
[Date "2022.06.12"]
[Round "4.2"]
[Board "5"]
[White "Baillon, Olivier"]
[Black "Guilleux, Fabien"]
[Result "0-1"]
[BlackTitle "IM"]
[WhiteElo "2197"]
[BlackElo "2385"]
[WhiteTeam "Club 608 d'Echecs Paris"]
[BlackTeam "L'Echiquier Chalonnais"]
[WhiteFideId "616141"]
[BlackFideId "657883"]
[EventDate "2022.06.09"]

1. Nf3 c5 2. c4 Nf6 3. b3 d5 4. cxd5 Nxd5 5. Bb2 Nc6 6. Nc3 Nxc3 7. Bxc3 Qc7 8.
g3 e5 9. d3 Be7 10. Bg2 O-O 11. O-O Bg4 12. Qc2 Rac8 13. e3 Rfd8 14. Rfe1 f6 15.
Nd2 Qd7 16. Bf1 Bh3 17. Be2 Nd4 18. Bxd4 cxd4 19. Qb2 dxe3 20. fxe3 Bc5 21. Kf2
Qf5+ 22. Nf3 e4 23. dxe4 Qxe4 24. Bc4+ Kh8 25. Qe2 Re8 26. Qd3 Qe7 27. Nd4 a6
28. Bd5 Bb4 29. Rec1 Rcd8 30. e4 Bc5 31. Qc4 Ba7 32. Rd1 b5 33. Qd3 Rxd5 0-1

[Event "TCh-FRA Top 16 GpA 2022"]
[Site "Chartres FRA"]
[Date "2022.06.12"]
[Round "4.2"]
[Board "6"]
[White "Bournel, Antoine"]
[Black "Hirth, Julien"]
[Result "1/2-1/2"]
[WhiteTitle "FM"]
[WhiteElo "2352"]
[BlackElo "2072"]
[WhiteTeam "L'Echiquier Chalonnais"]
[BlackTeam "Club 608 d'Echecs Paris"]
[WhiteFideId "26093553"]
[BlackFideId "636606"]
[EventDate "2022.06.09"]

1. d4 d6 2. Nf3 Nf6 3. c4 g6 4. Nc3 Bg7 5. e4 O-O 6. h3 e5 7. d5 a5 8. g4 Na6 9.
Be3 Nd7 10. a3 Nb6 11. Rg1 Bd7 12. h4 Nc5 13. Bxc5 dxc5 14. h5 gxh5 15. gxh5 Kh8
16. h6 Bf6 17. Nh2 Nc8 18. Qf3 Nd6 19. Ng4 Bxg4 20. Rxg4 Qe7 21. O-O-O Rg8 22.
Bd3 Rxg4 23. Qxg4 Rg8 24. Qh3 Bg5+ 25. Kb1 Qf6 26. Qd7 Qd8 27. Qh3 Qf6 28. Qd7
Qd8 29. Qh3 Qf6 30. Qd7 1/2-1/2

[Event "TCh-FRA Top 16 GpA 2022"]
[Site "Chartres FRA"]
[Date "2022.06.12"]
[Round "4.2"]
[Board "7"]
[White "Lemonnier, Remi"]
[Black "Alexieva, Silvia"]
[Result "0-1"]
[BlackTitle "IM"]
[WhiteElo "2033"]
[BlackElo "2231"]
[WhiteTeam "Club 608 d'Echecs Paris"]
[BlackTeam "L'Echiquier Chalonnais"]
[WhiteFideId "648280"]
[BlackFideId "2902265"]
[EventDate "2022.06.09"]

1. e4 d6 2. d4 Nf6 3. Nc3 e5 4. Nge2 Be7 5. g3 c6 6. Bg2 b5 7. a3 Nbd7 8. O-O a5
9. d5 Bb7 10. h3 O-O 11. g4 b4 12. dxc6 Bxc6 13. Nd5 Nxd5 14. exd5 Bb5 15. Re1
Bh4 16. Ng3 Bxg3 17. fxg3 Qc7 18. Bd2 bxa3 19. Rxa3 a4 20. Kh2 Rfc8 21. Rc3 Qb7
22. Rxc8+ Rxc8 23. Bb4 Qb6 24. Qd2 Rc4 25. c3 Rc8 26. Bf1 Nc5 27. Qf2 Qb7 28.
Bxb5 Qxb5 29. Rf1 Qb7 30. Qf5 Rc7 31. Qg5 f6 32. Qf5 Qxd5 33. Bxc5 dxc5 34. g5
Rc6 35. gxf6 Rxf6 36. Qc8+ Kf7 37. Rxf6+ gxf6 38. Qf5 Qd2+ 39. Kg1 Qc1+ 40. Kg2
Qxb2+ 41. Kg1 Qc1+ 42. Kg2 Qd2+ 43. Kf1 Qd1+ 44. Kf2 Kg7 45. Qe6 Qd2+ 46. Kf1
Qd3+ 47. Kf2 a3 48. Qe7+ Kg6 49. Qe8+ Kg5 50. Qg8+ Qg6 51. Qa2 Qf5+ 52. Kg2 Qe4+
53. Kh2 c4 54. Qd2+ Kg6 55. Qd8 Qc2+ 56. Kg1 Qb1+ 57. Kh2 Qb2+ 58. Kg1 Kf5 59.
g4+ Ke4 60. Qxf6 Qc1+ 61. Kg2 Qd2+ 62. Kg1 Qxc3 63. Qc6+ Kd3 64. Qf3+ Kc2 65.
Qe4+ Kc1 66. Qe2 Qd4+ 0-1

[Event "TCh-FRA Top 16 GpA 2022"]
[Site "Chartres FRA"]
[Date "2022.06.12"]
[Round "4.2"]
[Board "8"]
[White "Guiot Dorel, Jerome"]
[Black "Coriat, Caroline"]
[Result "1-0"]
[WhiteElo "2069"]
[BlackElo "1752"]
[WhiteTeam "L'Echiquier Chalonnais"]
[BlackTeam "Club 608 d'Echecs Paris"]
[WhiteFideId "609765"]
[BlackFideId "26089971"]
[EventDate "2022.06.09"]

1. d4 d5 2. Bf4 Nf6 3. e3 e6 4. Nd2 Be7 5. Bd3 c5 6. c3 Nc6 7. Ngf3 a6 8. a4 c4
9. Bc2 Bd7 10. O-O O-O 11. Ne5 h6 12. Qf3 b5 13. e4 Na7 14. Rfe1 Bc6 15. Nxc6
Nxc6 16. Qh3 dxe4 17. Nxe4 Nd5 18. Bxh6 gxh6 19. Qxh6 Re8 20. Ng3 Bf6 21. Bh7+
Kh8 22. Bg6+ Kg8 23. Qh7+ Kf8 24. Qxf7# 1-0

[Event "TCh-FRA Top 16 GpA 2022"]
[Site "Chartres FRA"]
[Date "2022.06.12"]
[Round "4.3"]
[Board "1"]
[White "Van Foreest, Lucas"]
[Black "Bacrot, Etienne"]
[Result "1/2-1/2"]
[WhiteTitle "GM"]
[BlackTitle "GM"]
[WhiteElo "2553"]
[BlackElo "2641"]
[WhiteTeam "Tremblay en France"]
[BlackTeam "Bischwiller"]
[WhiteFideId "1039792"]
[BlackFideId "605506"]
[EventDate "2022.06.09"]

1. e4 c5 2. c3 d5 3. exd5 Qxd5 4. d4 Nf6 5. Nf3 e6 6. Na3 Nc6 7. Be3 cxd4 8. Nb5
Qd8 9. Nbxd4 Nxd4 10. Bxd4 Be7 11. Bd3 O-O 12. Qc2 h6 13. O-O-O Qa5 14. g4 Nxg4
15. Qe2 e5 16. Nxe5 Bg5+ 17. Kb1 Nxe5 18. Qxe5 Qxe5 19. Bxe5 Bg4 20. Rde1 Rad8
21. Bc2 Bd2 22. Reg1 f6 23. Bc7 Bf3 24. Bxd8 Rxd8 25. h4 Bxh1 26. Rxh1 Re8 27.
h5 Re1+ 28. Rxe1 1/2-1/2

[Event "TCh-FRA Top 16 GpA 2022"]
[Site "Chartres FRA"]
[Date "2022.06.12"]
[Round "4.3"]
[Board "2"]
[White "Naiditsch, Arkadij"]
[Black "Piorun, Kacper"]
[Result "1-0"]
[WhiteTitle "GM"]
[BlackTitle "GM"]
[WhiteElo "2653"]
[BlackElo "2627"]
[WhiteTeam "Bischwiller"]
[BlackTeam "Tremblay en France"]
[WhiteFideId "4650891"]
[BlackFideId "1130420"]
[EventDate "2022.06.09"]

1. e4 e6 2. d4 d5 3. Nd2 c5 4. exd5 Qxd5 5. Ngf3 cxd4 6. Bc4 Qd6 7. Qe2 Nf6 8.
Nb3 Nc6 9. Bg5 a6 10. O-O-O b5 11. Bd3 Be7 12. Kb1 Bb7 13. Nbxd4 Nxd4 14. Nxd4
Qc5 15. h4 O-O 16. Nb3 Qc7 17. h5 h6 18. Bd2 b4 19. Rh4 a5 20. Bf4 Qc6 21. Nd4
Qxg2 22. Be5 Rfd8 23. Rh2 Qd5 24. Rg1 Kf8 25. Qe3 Bd6 26. Bxf6 gxf6 27. Rh4 Be5
28. Nb3 a4 29. Nc5 Bc6 30. Rxb4 Rab8 31. Na6 Rb7 32. a3 Bd4 33. Qxh6+ Ke7 34.
Qd2 Ra7 35. h6 Bxb2 36. Rxb2 1-0

[Event "TCh-FRA Top 16 GpA 2022"]
[Site "Chartres FRA"]
[Date "2022.06.12"]
[Round "4.3"]
[Board "3"]
[White "Malakhov, Vladimir"]
[Black "Fressinet, Laurent"]
[Result "1/2-1/2"]
[WhiteTitle "GM"]
[BlackTitle "GM"]
[WhiteElo "2652"]
[BlackElo "2624"]
[WhiteTeam "Tremblay en France"]
[BlackTeam "Bischwiller"]
[WhiteFideId "4120787"]
[BlackFideId "608742"]
[EventDate "2022.06.09"]

1. e4 e5 2. Nf3 Nc6 3. Bc4 Nf6 4. d3 Bc5 5. c3 d6 6. O-O a5 7. Be3 Bxe3 8. fxe3
O-O 9. Nbd2 Be6 10. Bxe6 fxe6 11. d4 a4 12. b4 axb3 13. axb3 Rxa1 14. Qxa1 d5
15. Qb1 Nxe4 16. Nxe4 dxe4 17. Qxe4 Qd5 18. Ng5 Rxf1+ 19. Kxf1 Qxe4 20. Nxe4
exd4 21. exd4 h6 22. Nc5 Nd8 23. Ke2 Kf7 24. Ke3 Ke7 25. h4 b6 26. Ne4 Nf7 27.
h5 Kd7 28. c4 c6 29. b4 b5 30. Kd3 Ke7 31. cxb5 cxb5 32. Nc3 Nd6 33. Ke2 g6 34.
hxg6 Kf6 35. Kf3 Kxg6 36. Kf4 Kf7 37. d5 exd5 38. Ke5 Nc4+ 39. Kd4 Na3 40. Nxd5
Ke6 41. Kc5 Ke5 42. Nc3 Kf4 43. Nxb5 Nc2 44. Nd4 Nxb4 45. Kxb4 Kg3 46. Nf5+ Kxg2
47. Nxh6 1/2-1/2

[Event "TCh-FRA Top 16 GpA 2022"]
[Site "Chartres FRA"]
[Date "2022.06.12"]
[Round "4.3"]
[Board "4"]
[White "Ragger, Markus"]
[Black "Abergel, Thal"]
[Result "1-0"]
[WhiteTitle "GM"]
[BlackTitle "GM"]
[WhiteElo "2643"]
[BlackElo "2387"]
[WhiteTeam "Bischwiller"]
[BlackTeam "Tremblay en France"]
[WhiteFideId "1610856"]
[BlackFideId "614890"]
[EventDate "2022.06.09"]

1. e4 c5 2. Nf3 e6 3. d4 cxd4 4. Nxd4 a6 5. c4 Nf6 6. Nc3 Qc7 7. Be2 b6 8. O-O
Bb7 9. f3 Bd6 10. Kh1 Be7 11. Be3 d6 12. Qd2 h5 13. Rfc1 h4 14. a4 h3 15. g4
Nbd7 16. g5 Nh5 17. Nd5 Qd8 18. Nxe7 Qxe7 19. Rd1 f6 20. Nc2 f5 21. Qxd6 fxe4
22. f4 Qxd6 23. Rxd6 O-O-O 24. Rad1 g6 25. Rxe6 Rdf8 26. Bg4 Nxf4 27. Re8+ Rxe8
28. Bxd7+ Kd8 29. Bxe8+ Nd3 30. Bxg6 Ke7 31. Bf5 Rf8 32. Bxh3 Nf2+ 33. Bxf2 e3+
34. Kg1 exf2+ 35. Kf1 Bf3 36. Rd7+ Ke8 37. Rd2 1-0

[Event "TCh-FRA Top 16 GpA 2022"]
[Site "Chartres FRA"]
[Date "2022.06.12"]
[Round "4.3"]
[Board "5"]
[White "Vlachos, Anatole"]
[Black "Bellahcene, Bilel"]
[Result "0-1"]
[WhiteTitle "IM"]
[BlackTitle "GM"]
[WhiteElo "2431"]
[BlackElo "2513"]
[WhiteTeam "Tremblay en France"]
[BlackTeam "Bischwiller"]
[WhiteFideId "26093189"]
[BlackFideId "696358"]
[EventDate "2022.06.09"]

1. e4 c5 2. Nf3 e6 3. g3 Nc6 4. Bg2 Nf6 5. d3 d5 6. Nbd2 Be7 7. O-O O-O 8. Re1
b5 9. a4 b4 10. exd5 Nxd5 11. Nb3 Bb7 12. a5 Rc8 13. Nfd2 Ba8 14. Nc4 h6 15. h4
Re8 16. Bd2 Nb8 17. Qe2 Qc7 18. Rad1 Nd7 19. Bc1 Qc6 20. Qf1 Qa6 21. Qe2 Bc6 22.
Qg4 N5f6 23. Qh3 Bd5 24. g4 Nf8 25. g5 hxg5 26. hxg5 N6h7 27. Qg4 Red8 28. Ne5
Qb7 29. g6 fxg6 30. Nxg6 Nf6 31. Nxe7+ Qxe7 32. Qh3 Bxg2 33. Qxg2 c4 34. dxc4
Rxc4 35. Bg5 N8h7 36. Bxf6 Nxf6 37. Rxd8+ Qxd8 38. Qf3 Qe8 39. Nd2 Rxc2 40. Ne4
Qg6+ 41. Ng3 Nd5 42. Qd1 Rxb2 43. Qd4 Rb1 44. Rxb1 Qxb1+ 45. Kg2 b3 46. Qxa7 b2
47. Qb8+ Kh7 48. a6 Qa2 49. a7 Nc7 50. Qb4 b1=Q 51. Qh4+ Kg6 52. Qg4+ Kf7 53.
Qf4+ Kg8 54. Qxc7 Qd5+ 0-1

[Event "TCh-FRA Top 16 GpA 2022"]
[Site "Chartres FRA"]
[Date "2022.06.12"]
[Round "4.3"]
[Board "6"]
[White "Rodshtein, Maxim"]
[Black "Flom, Gabriel"]
[Result "1/2-1/2"]
[WhiteTitle "GM"]
[BlackTitle "GM"]
[WhiteElo "2585"]
[BlackElo "2428"]
[WhiteTeam "Bischwiller"]
[BlackTeam "Tremblay en France"]
[WhiteFideId "2806851"]
[BlackFideId "621650"]
[EventDate "2022.06.09"]

1. d4 Nf6 2. c4 g6 3. Nc3 Bg7 4. e4 d6 5. Nge2 O-O 6. Ng3 c5 7. d5 e6 8. Be2
exd5 9. cxd5 h5 10. Bg5 a6 11. a4 Nbd7 12. O-O Qc7 13. f4 c4 14. Kh1 Re8 15. Qc2
Nh7 16. Bh4 Bf6 17. Bxf6 Ndxf6 18. Bf3 h4 19. Nge2 h3 20. Nd4 Qc5 21. Qd2 hxg2+
22. Bxg2 Bd7 23. Rae1 b5 24. axb5 axb5 25. e5 b4 26. exf6 bxc3 27. bxc3 Bf5 28.
Nxf5 gxf5 29. Qc2 Rxe1 30. Rxe1 Qc8 31. Qf2 Kh8 32. Bh3 Qd8 33. Bxf5 Qxf6 34.
Qc2 Qh4 35. Qd2 Nf6 36. Rg1 Rg8 37. Rg5 Re8 38. Qd4 Re1+ 39. Kg2 Re5 40. Qf2
Qxf2+ 41. Kxf2 Rxd5 42. Ke2 Rc5 43. Kd2 Rd5+ 44. Kc1 Ra5 45. Bb1 Ra3 46. Kd2 d5
47. h4 Ra1 48. Kc2 Ra3 49. Kd2 Ra1 50. Kc2 1/2-1/2

[Event "TCh-FRA Top 16 GpA 2022"]
[Site "Chartres FRA"]
[Date "2022.06.12"]
[Round "4.3"]
[Board "7"]
[White "Kuhn, Clement"]
[Black "Maze, Sebastien"]
[Result "1/2-1/2"]
[WhiteTitle "FM"]
[BlackTitle "GM"]
[WhiteElo "2299"]
[BlackElo "2529"]
[WhiteTeam "Tremblay en France"]
[BlackTeam "Bischwiller"]
[WhiteFideId "36099775"]
[BlackFideId "613762"]
[EventDate "2022.06.09"]

1. d4 Nf6 2. c4 g6 3. Nc3 Bg7 4. e4 d6 5. h3 Nbd7 6. Be3 e5 7. Nge2 h5 8. g3 O-O
9. Bg2 a6 10. O-O exd4 11. Nxd4 Rb8 12. Rc1 Re8 13. Re1 c6 14. f4 Qc7 15. Bf2 c5
16. Nf3 b5 17. cxb5 axb5 18. b4 c4 19. Nd4 Ba6 20. a4 bxa4 21. Qxa4 Qc8 22. b5
Bb7 23. Nc6 Bxc6 24. bxc6 Nb6 25. Bxb6 Rxb6 26. e5 dxe5 27. fxe5 Nh7 28. Qxc4
Ng5 29. Rc2 Rxe5 30. Rd1 Qe6 31. Qxe6 Nxe6 32. Nd5 Rb3 33. Nf4 Nc7 34. Rd7 Re1+
35. Kf2 Re8 36. Re2 Rxe2+ 37. Nxe2 Be5 38. Bd5 Nxd5 39. Rxd5 Bc7 40. Rd7 Bb6+
41. Ke1 Ba5+ 42. Kf2 Bb6+ 43. Ke1 Ba5+ 1/2-1/2

[Event "TCh-FRA Top 16 GpA 2022"]
[Site "Chartres FRA"]
[Date "2022.06.12"]
[Round "4.3"]
[Board "8"]
[White "Sebag, Marie"]
[Black "Aflalo, Sophie"]
[Result "1-0"]
[WhiteTitle "GM"]
[WhiteElo "2472"]
[BlackElo "2125"]
[WhiteTeam "Bischwiller"]
[BlackTeam "Tremblay en France"]
[WhiteFideId "617822"]
[BlackFideId "656887"]
[EventDate "2022.06.09"]

1. e4 c5 2. Nf3 Nc6 3. Bb5 Nf6 4. Nc3 Qc7 5. O-O e6 6. Re1 Ne5 7. Bf1 a6 8. Nxe5
Qxe5 9. d3 h5 10. g3 h4 11. Bf4 Qh5 12. Qxh5 Nxh5 13. Be3 hxg3 14. hxg3 b5 15.
Bg2 Bb7 16. e5 Bxg2 17. Kxg2 f5 18. Rh1 d5 19. Ne2 d4 20. Bd2 Be7 21. f3 g5 22.
Rh2 c4 23. Rah1 cxd3 24. cxd3 Rc8 25. Nxd4 Rd8 26. Nb3 Rxd3 27. Rxh5 Rxh5 28.
Rxh5 a5 29. Bxa5 Re3 30. Rh8+ Kf7 31. Rh7+ Ke8 32. Nd4 g4 33. fxg4 fxg4 34. a3
Bc5 35. Bc3 Rxe5 36. Nxb5 Re2+ 37. Kf1 Rf2+ 38. Ke1 Rf7 39. Nc7+ Ke7 40. Rxf7+
Kxf7 41. Be5 Bb6 1-0

[Event "TCh-FRA Top 16 GpA 2022"]
[Site "Chartres FRA"]
[Date "2022.06.12"]
[Round "4.4"]
[Board "1"]
[White "Lagarde, Maxime"]
[Black "Sochacki, Christophe"]
[Result "0-1"]
[WhiteTitle "GM"]
[BlackTitle "GM"]
[WhiteElo "2628"]
[BlackElo "2487"]
[WhiteTeam "C'Chartres Echecs"]
[BlackTeam "U.S.Villejuif Echecs"]
[WhiteFideId "662399"]
[BlackFideId "662569"]
[EventDate "2022.06.09"]

1. e4 e5 2. Nf3 Nf6 3. Nxe5 d6 4. Nf3 Nxe4 5. c4 Nc6 6. Nc3 Nxc3 7. dxc3 g6 8.
Be3 Bg7 9. Qd2 O-O 10. O-O-O Bg4 11. Be2 a5 12. h3 Bf5 13. Ng5 Nb4 14. cxb4 axb4
15. g4 Rxa2 16. gxf5 Rxb2 17. Qxb2 Bxb2+ 18. Kxb2 Qf6+ 19. Rd4 c5 20. Ne4 Qxf5
21. Bd3 cxd4 22. Bxd4 Qf3 23. Nf6+ Kh8 24. Be4 Qe2+ 25. Kb1 Ra8 26. Bb2 Qxc4 27.
Bxb7 Qd3+ 28. Kc1 Ra3 29. Nd5+ Rc3+ 30. Nxc3 bxc3 31. Ba1 Qd2+ 32. Kb1 f6 33.
Be4 d5 34. Bc2 d4 35. Rd1 Qxf2 36. Rd3 Kg7 37. Bd1 h5 38. Rf3 c2+ 0-1

[Event "TCh-FRA Top 16 GpA 2022"]
[Site "Chartres FRA"]
[Date "2022.06.12"]
[Round "4.4"]
[Board "2"]
[White "Dourerassou, Jonathan"]
[Black "Kamsky, Gata"]
[Result "1/2-1/2"]
[WhiteTitle "GM"]
[BlackTitle "GM"]
[WhiteElo "2444"]
[BlackElo "2655"]
[WhiteTeam "U.S.Villejuif Echecs"]
[BlackTeam "C'Chartres Echecs"]
[WhiteFideId "628050"]
[BlackFideId "2000024"]
[EventDate "2022.06.09"]

1. e4 e5 2. Nf3 Nc6 3. Nc3 Nf6 4. d4 exd4 5. Nxd4 Bb4 6. Nxc6 bxc6 7. Bd3 O-O 8.
O-O d5 9. exd5 cxd5 10. h3 c6 11. Qf3 a5 12. Bg5 h6 13. Bxf6 Qxf6 14. Qxf6 gxf6
15. Ne2 Rb8 16. Nd4 Rb6 1/2-1/2

[Event "TCh-FRA Top 16 GpA 2022"]
[Site "Chartres FRA"]
[Date "2022.06.12"]
[Round "4.4"]
[Board "3"]
[White "Tiviakov, Sergei"]
[Black "Saatdjian, Thomas"]
[Result "1-0"]
[WhiteTitle "GM"]
[BlackTitle "FM"]
[WhiteElo "2570"]
[BlackElo "2267"]
[WhiteTeam "C'Chartres Echecs"]
[BlackTeam "U.S.Villejuif Echecs"]
[WhiteFideId "1008013"]
[BlackFideId "634921"]
[EventDate "2022.06.09"]

1. e4 c5 2. c3 d5 3. exd5 Qxd5 4. d4 Nf6 5. Nf3 Bg4 6. dxc5 Qxc5 7. Be3 Qc7 8.
h3 Bh5 9. Qa4+ Nbd7 10. Nbd2 e6 11. Nd4 Be7 12. Qc4 Qxc4 13. Nxc4 Nd5 14. Be2
Nxe3 15. Nxe3 Bxe2 16. Kxe2 O-O-O 17. Rhd1 a6 18. a4 Kc7 19. a5 Bc5 20. Ra4 Bxd4
21. Raxd4 Ne5 22. b4 Nc6 23. Rxd8 Rxd8 24. Rxd8 Kxd8 25. g4 f6 26. f4 Ke7 27.
Kd3 g6 28. Nc4 Kd7 29. Nd2 f5 30. gxf5 exf5 31. Nb3 Kd6 32. Nd4 Ne7 33. c4 Ng8
34. Ne2 Ne7 35. c5+ Kd5 36. Nc3+ Ke6 37. Kc4 h6 38. h4 g5 39. fxg5 hxg5 40. hxg5
f4 41. b5 Ke5 42. g6 Nxg6 43. c6 axb5+ 44. Kc5 bxc6 45. a6 f3 46. Nd1 1-0

[Event "TCh-FRA Top 16 GpA 2022"]
[Site "Chartres FRA"]
[Date "2022.06.12"]
[Round "4.4"]
[Board "4"]
[White "Sochacki, Wojtek"]
[Black "Medvegy, Zoltan"]
[Result "1/2-1/2"]
[WhiteTitle "IM"]
[BlackTitle "GM"]
[WhiteElo "2324"]
[BlackElo "2528"]
[WhiteTeam "U.S.Villejuif Echecs"]
[BlackTeam "C'Chartres Echecs"]
[WhiteFideId "651389"]
[BlackFideId "708402"]
[EventDate "2022.06.09"]

1. Nf3 Nf6 2. g3 b5 3. Bg2 Bb7 4. O-O e6 5. d3 Be7 6. e4 d6 7. Nbd2 c5 8. Re1
Nbd7 9. b3 O-O 10. Bb2 e5 11. c4 bxc4 12. bxc4 Nb8 13. Rb1 Qc7 14. Nf1 Nc6 15.
Ne3 Rab8 16. Nd5 Nxd5 17. cxd5 Nd4 18. Bxd4 cxd4 19. Qa4 Bc8 20. Rxb8 Qxb8 21.
h4 Rd8 22. Nd2 Bd7 23. Qa3 Rc8 24. Rb1 Qc7 25. Nc4 Bf8 26. Qb3 g6 27. Kh2 h5 28.
a4 Rd8 29. f3 Bc8 30. Qb5 Bd7 31. Qb4 Bc8 32. Qb8 Qe7 33. Qb2 Ba6 34. Na5 Qf6
35. Nc6 Rd7 36. Qd2 Kh7 37. Nb8 Rb7 38. Qd1 Rxb1 39. Qxb1 Bc8 40. Qb5 Qd8 41.
Nc6 Qb6 42. Bh3 Ba6 43. Qxb6 axb6 44. Nb4 Bb7 45. Bd7 Bh6 46. Bb5 Kg7 47. Nc6
Bd2 48. Nb8 Bc8 49. Ba6 Bxa6 50. Nxa6 Kf8 51. Nc7 Ke7 52. Nb5 Bb4 53. Kg2 Kd7
54. Kf2 f6 55. Ke2 Bc5 56. Na7 Bb4 57. Nc6 Bc3 58. Kd1 g5 59. hxg5 fxg5 60. Ke2
g4 61. Kf2 Bd2 62. Na7 Bb4 63. Nb5 Bc5 64. Kg2 gxf3+ 65. Kxf3 Kc8 66. Na7+ Kb7
67. Nc6 Ka6 68. Kg2 b5 69. axb5+ Kxb5 70. Kf3 Bb6 71. Ne7 Bd8 72. Nf5 Kc5 73.
Kg2 Bg5 74. Kf3 Bf6 75. Kf2 Bg5 76. Kf1 Bf6 77. Ke2 Bh8 78. Kd2 Bf6 79. Kc2 Bh8
80. Kb3 Bf6 81. Ka4 Bd8 82. Kb3 Bf6 83. Ka3 Kb6 84. Kb4 Kc7 85. Kb5 Bh8 86. Ka6
Bf6 87. Kb5 Bh8 88. Kc4 Bf6 89. Kb3 Bh8 90. Kc2 Bf6 91. Kd2 Bg5+ 92. Ke2 Bf6 93.
Kf3 Bh8 94. g4 hxg4+ 95. Kxg4 Bf6 96. Kh5 Kd7 97. Kg6 Bd8 98. Kf7 Ba5 99. Nh6
Bd2 100. Ng8 Bb4 101. Nf6+ Kd8 102. Ke6 Bc5 103. Ng8 Kc7 104. Ke7 Kb6 105. Nf6
Kb5 106. Ke6 Ka4 107. Nd7 Bb4 108. Nxe5 dxe5 109. Kxe5 Kb5 110. Ke6 Kc5 111. e5
Be1 112. d6 Kc6 113. Ke7 Bh4+ 114. Ke6 Bg3 115. Kf5 Kd5 116. d7 Bh4 117. e6 Be7
118. Kf4 Bd8 119. Kf5 Be7 120. Kf4 Kxe6 121. Ke4 Bf6 122. d8=B Bxd8 123. Kxd4
Bf6+ 1/2-1/2